| 000 | 00497nam a2200169Ia 4500 | ||
|---|---|---|---|
| 008 | 220501s2021 xx 000 0 eng d | ||
| 020 | _a9788126558599 | ||
| 082 | _a158.7 SPE-I | ||
| 100 | _aSpector, Paul E. | ||
| 245 | 0 |
_aIndustrial and organizational psychology research and practice / _cPaul E. Spector |
|
| 260 |
_aNew Delhi : _bWiley, _c2021. |
||
| 300 | _axxi, 441p. ; | ||
| 650 | _aPersonnel management | ||
| 650 | _aPsychology | ||
| 650 | _aPsychology, Industrial | ||
| 942 |
_2ddc _cREF |
||
| 999 |
_c18521 _d18521 |
||